World politics : (Record no. 192480)

MARC details
000 -LEADER
fixed length control field 01093nam a2200301 i 4500
001 - CONTROL NUMBER
control field 991026830536907026
003 - CONTROL NUMBER IDENTIFIER
control field UkOxU
005 - DATE AND TIME OF LATEST TRANSACTION
control field 20251001100641.0
007 - PHYSICAL DESCRIPTION FIXED FIELD--GENERAL INFORMATION
fixed length control field t|
008 - FIXED-LENGTH DATA ELEMENTS--GENERAL INFORMATION
fixed length control field 240208t20252025o b 001|0|eng|d
020 ## - INTERNATIONAL STANDARD BOOK NUMBER
International Standard Book Number 9798214135250
Qualifying information paperback
040 ## - CATALOGING SOURCE
Original cataloging agency StDuBDS
Language of cataloging eng
Transcribing agency StDuBDS
Description conventions rda
Modifying agency UkOxU
082 04 - DEWEY DECIMAL CLASSIFICATION NUMBER
Classification number 327
Item number BLA 2025
100 1# - MAIN ENTRY--PERSONAL NAME
Personal name Blanton, Shannon Lindsey,
Relator term author.
9 (RLIN) 52341
245 10 - TITLE STATEMENT
Title World politics :
Remainder of title trend and transformation /
Statement of responsibility, etc. Shannon Lindsey Blanton, Charles William Kegley.
250 ## - EDITION STATEMENT
Edition statement Eighteenth edition.
264 #1 - PRODUCTION, PUBLICATION, DISTRIBUTION, MANUFACTURE, AND COPYRIGHT NOTICE
Place of production, publication, distribution, manufacture Mason, OH :
Name of producer, publisher, distributor, manufacturer Cengage,
Date of production, publication, distribution, manufacture, or copyright notice [2025]
264 #4 - PRODUCTION, PUBLICATION, DISTRIBUTION, MANUFACTURE, AND COPYRIGHT NOTICE
Date of production, publication, distribution, manufacture, or copyright notice ©2025
300 ## - PHYSICAL DESCRIPTION
Extent xxx, 594 pages :
Other physical details illustrations (chiefly color), color maps, color charts, photographs (chiefly color) ;
Dimensions 26 cm
336 ## - CONTENT TYPE
Content type term text
Source rdacontent
337 ## - MEDIA TYPE
Media type term unmediated
Source rdamedia
338 ## - CARRIER TYPE
Carrier type term volume
Source rdacarrier
504 ## - BIBLIOGRAPHY, ETC. NOTE
Bibliography, etc. note Includes bibliographical references and index.
650 #0 - SUBJECT ADDED ENTRY--TOPICAL TERM
Topical term or geographic name entry element International economic relations.
9 (RLIN) 201834
650 #0 - SUBJECT ADDED ENTRY--TOPICAL TERM
Topical term or geographic name entry element World politics
Chronological subdivision 21st century
9 (RLIN) 15692
700 1# - ADDED ENTRY--PERSONAL NAME
Personal name Kegley, Charles W.,
Relator term author.
9 (RLIN) 11258
920 ## - Programme
Programme SLG : 338820, 338821
Holdings
Withdrawn status Lost status Source of classification or shelving scheme Damaged status Not for loan Home library Current library Date acquired Source of acquisition Cost, normal purchase price Inventory number Total Checkouts Barcode Date last seen Uniform Resource Identifier Cost, replacement price Price effective from Koha item type Public note
    Dewey Decimal Classification     Taylor's Library-TU Taylor's Library-TU 17/09/2025 523 832.00 700001803   5000176402 17/09/2025 Floor 3, Shelf 5 , Side 1, TierNo 1, BayNo 5 832.00 17/09/2025 Main Collection SLGxx,93613,03,RM
    Dewey Decimal Classification     Taylor's Library-TU Taylor's Library-TU 29/09/2025 523 832.00 TU700001803   5000176627 29/09/2025 Floor 2, Shelf 1 , Side 1, TierNo 2, BayNo 6 832.00 29/09/2025 Reserve Collection SLGxx,93613,03,RM